Country Logic Puzzle by Scambigol #25 - Statistics

General Stats
  • This quiz has been taken 149 times
  • The average score is 5 of 66
Answers on the Map
Answers color-coded by a green-red scale on the quiz's map according to % correct below.
 
Answer Stats
Country % Correct
Argentina
89%
Australia
35%
Chile
30%
Peru
30%
Mexico
24%
United States
24%
Colombia
22%
Guatemala
22%
Honduras
22%
Costa Rica
19%
Nicaragua
19%
Panama
19%
Indonesia
16%
Malaysia
16%
Papua New Guinea
16%
Thailand
16%
Cambodia
14%
Bangladesh
11%
DR Congo
11%
India
11%
Laos
11%
Myanmar
11%
Vietnam
11%
Kazakhstan
8%
Brazil
5%
Canada
3%
Afghanistan
0%
Algeria
0%
Armenia
0%
Austria
0%
Azerbaijan
0%
Bulgaria
0%
Burkina Faso
0%
Burundi
0%
Central African Republic
0%
Chad
0%
China
0%
Czech Republic
0%
Denmark
0%
Estonia
0%
France
0%
Germany
0%
Hungary
0%
Iran
0%
Iraq
0%
Kyrgyzstan
0%
Latvia
0%
Liechtenstein
0%
Lithuania
0%
Mali
0%
Niger
0%
Pakistan
0%
Poland
0%
Romania
0%
Russia
0%
Rwanda
0%
Saudi Arabia
0%
Slovakia
0%
South Sudan
0%
Switzerland
0%
Tajikistan
0%
Turkey
0%
Turkmenistan
0%
Uganda
0%
Ukraine
0%
Uzbekistan
0%
No matching quizzes found
Score Distribution
Percent of People with Each Score
Percentile by Number Answered
Your Score History
You have not taken this quiz